|
|
|
|
| LEADER |
01126nam a2200289 a 4500 |
| 001 |
13499716 |
| 003 |
BD-DhAAL |
| 008 |
090706s2004 nyu b 000 0 eng d |
| 999 |
|
|
|c 2113
|d 2113
|
| 010 |
|
|
|a 2004004379
|
| 020 |
|
|
|a 0415283051 (hbk. : alk. paper)
|
| 020 |
|
|
|a 041528306X (pbk. : alk. paper)
|
| 040 |
|
|
|a DLC
|c DLC
|d DLC
|d BD-DhAAL
|
| 082 |
0 |
0 |
|a 418/.02
|2 22
|
| 100 |
1 |
|
|a Hatim, B.
|q (Basil),
|d 1947-
|9 45508
|
| 245 |
1 |
0 |
|a Translation :
|b an advanced resource book /
|c Basil Hatim and Jeremy Munday.
|
| 260 |
|
|
|a London ;
|a New York :
|b Routledge,
|c 2004.
|
| 300 |
|
|
|a xx, 373 pages ;
|c 25 cm.
|
| 490 |
1 |
|
|a Routledge applied linguistics
|
| 504 |
|
|
|a Includes bibliographical references (p. 354-363) and index.
|
| 541 |
1 |
|
|e 00014135
|
| 650 |
|
0 |
|a Translating and interpreting.
|9 45509
|
| 700 |
1 |
|
|a Munday, Jeremy.
|9 45510
|
| 830 |
|
|
|a Routledge applied linguistics
|9 45511
|
| 852 |
4 |
|
|a Ayesha Abed Library
|j General Shelf.
|
| 942 |
0 |
0 |
|0 1
|2 ddc
|c BK
|
| 952 |
|
|
|0 0
|1 0
|2 ddc
|4 0
|6 418_020000000000000_HAT
|7 0
|9 1943
|a BRACUL
|b BRACUL
|c GEN
|d 2009-07-07
|g 1250.00
|l 6
|m 30
|o 418.02 HAT
|p 3010014135
|r 2022-12-04
|s 2022-11-03
|t 1
|w 2009-07-07
|y BK
|